Statystyki dla Pozycje seksualne

Kliknij tutaj aby rozwiązać quiz!

Ogólne statystyki

  • Ten quiz został rozwiązany 1 169 razy
  • Średni wynik to 3 z 46

Statystyki odpowiedzi

HintOdpowiedź% Poprawnych
41na pieska
80%
14M
65%
37L
33%
16na jeźdźca
24%
38misjonarska
17%
40od tyłu
17%
5Na stojąco
9%
1Na siedząco
6%
12taczka
4%
22motyl
3%
8Pająk
3%
6Na taczkę
2%
20ośmiornica
2%
7Świeca
2%
29amazonka
1%
2Dogłębna
1%
23fotel
1%
15krzyżyk
1%
11Lady Makbet
1%
31leżak
1%
33most
1%
19na krawędzi
1%
9Na poduszce
1%
10Ognisty krąg
1%
43rozgwiazda
1%
32sidła miłości
1%
24sroczka
1%
35struna
1%
21trapez
1%
27tron cesarza
1%
4Tyłem na krześle
1%
13zaplątani
1%
17zmodyfikowana kowbojka tyłem
1%
3Z oparciem
1%
46chińska
0%
44głębia oceanu
0%
28kareta
0%
34kołyska
0%
26kubełek
0%
36na napastnika
0%
18na siedząco tyłem w wannie
0%
39pożądania
0%
25proste nachylenie
0%
42rozkosz
0%
30siedząca bokiem
0%
45stop and go
0%

Rozkład punktacji

Percentyl według liczby udzielonych odpowiedzi

Procent ludzi z każdym wynikiem

Twoja historia wyników

Nie rozwiązałeś tego quizu